NHL Players with 1000 Points - Statistics

General Stats
  • This quiz has been taken 236 times
  • The average score is 66 of 100
Answer Stats
Team Season Points Player Name % Correct
Edmonton Oilers 84-85 2,857 Wayne Gretzky
96%
Pittsburgh Penguins 16-17 1,687 Sidney Crosby
95%
Washington Capitals 16-17 1,623 Alex Ovechkin
93%
Detroit Red Wings 60-61 1,850 Gordie Howe
92%
Pittsburgh Penguins 91-92 1,723 Mario Lemieux
92%
Edmonton Oilers 2024-25 1,082 Connor McDavid
91%
Dallas Stars 98-99 1,391 Brett Hull
90%
Pittsburgh Penguins 00-01 1,921 Jaromir Jagr
90%
Chicago Blackhawks 19-20 1,343 Patrick Kane
90%
Chicago Blackhawks 70-71 1,170 Bobby Hull
89%
Pittsburgh Penguins 18-19 1,346 Evgeni Malkin
88%
Colorado Avalanche 99-00 1,641 Joe Sakic
88%
Edmonton Oilers 90-91 1,887 Mark Messier
88%
San Jose Sharks 10-11 1,539 Joe Thornton
87%
Vancouver Canucks 16-17 1,070 Henrik Sedin
86%
Detroit Red Wings 92-93 1,755 Steve Yzerman
86%
Vancouver Canucks 17-18 1,041 Daniel Sedin
85%
Tampa Bay Lightning 22-23 1,190 Steven Stamkos
85%
Anaheim Ducks 05-06 1,457 Teemu Selanne
85%
Toronto Maple Leafs 02-03 1,349 Mats Sundin
84%
Colorado Avalanche 2024-25 1,015 Nathan MacKinnon
84%
Montreal Canadiens 80-81 1,353 Guy Lafleur
83%
Los Angeles Kings 20-21 1,278 Anze Kopitar
82%
Montreal Canadiens 73-74 1,046 Henri Richard
82%
Boston Bruins 73-74 1,590 Phil Esposito
82%
Edmonton Oilers 89-90 1,398 Jari Kurri
81%
Toronto Maple Leafs 2023-24 1,114 John Tavares
81%
San Jose Sharks 15-16 1,197 Patrick Marleau
81%
Los Angeles Kings 80-81 1,771 Marcel Dionne
80%
Dallas Stars 02-03 1,374 Mike Modano
80%
Boston Bruins 91-92 1,579 Ray Bourque
80%
New York Islanders 85-86 1,126 Mike Bossy
78%
Boston Bruins 22-23 1,040 Patrice Bergeron
78%
Anaheim Ducks 21-22 1,019 Ryan Getzlaf
78%
Philadelphia Flyers 80-81 1,210 Bobby Clarke
76%
Calgary Flames 10-11 1,300 Jarome Iginla
76%
Pittsburgh Penguins 90-91 1,531 Paul Coffey
76%
Chicago Blackhawks 72-73 1,467 Stan Mikita
76%
New York Islanders 84-85 1,425 Bryan Trottier
75%
Ottawa Senators 10-11 1,157 Daniel Alfredsson
75%
Washington Capitals 21-22 1,033 Nicklas Backstrom
75%
Ottawa Senators 22-23 1,116 Claude Giroux
74%
Montreal Canadiens 67-68 1,219 Jean Beliveau
74%
Los Angeles Kings 97-98 1,394 Luc Robitaille
74%
Detroit Red Wings 09-10 1,142 Nichlas Lidstrom
74%
Pittsburgh Penguins 93-94 1,798 Ron Francis
74%
Anaheim Ducks 03-04 1,179 Sergei Fedorov
70%
Dallas Stars 2022-23 1,068 Joe Pavelski
69%
New Jersey Devils 14-15 1,025 Patrik Elias
69%
Detroit Red Wings 01-02 1,354 Brendan Shanahan
68%
Chicago Blackhawks 14-15 1,134 Marian Hossa
68%
New York Islanders 86-87 1,052 Denis Potvin
67%
Philadelphia Flyers 00-01 1,533 Mark Recchi
67%
Washington Capitals 97-98 1,420 Adam Oates
66%
Boston Bruins 05-06 1,028 Brian Leetch
66%
Buffalo Sabres 90-91 1,409 Dale Hawerchuk
62%
Calgary Flames 88-89 1,006 Lanny McDonald
62%
New York Rangers 14-15 1,033 Martin St. Louis
62%
Quebec Nordiques 89-90 1,239 Peter Stastny
62%
Buffalo Sabres 81-82 1,326 Gilbert Perreault
61%
Carolina Hurricanes 06-07 1,184 Rod Brind'Amour
60%
Minnesota Wild 19-20 1,063 Eric Staal
59%
Philadelphia Flyers 01-02 1,216 Jeremy Roenick
59%
St. Louis Blues 08-09 1,065 Keith Tkachuk
59%
Minnesota North Stars 91-92 1,036 Bobby Smith
57%
Chicago Blackhawks 89-90 1,338 Denis Savard
57%
Toronto Maple Leafs 95-96 1,414 Doug Gilmour
57%
New York Rangers 97-98 1,013 Pat LaFontaine
57%
New Jersey Devils 95-96 1,338 Dave Andreychuk
56%
Detroit Red Wings 93-93 1,200 Dino Ciccarelli
56%
Philadelphia Flyers 82-83 1,121 Darryl Sittler
55%
Boston Bruins 72-73 1,369 Johnny Bucyk
55%
Detroit Red Wings 68-69 1,281 Alex Delvecchio
54%
Toronto Maple Leafs 03-04 1,032 Alexander Mogilny
53%
New Jersey Devils 02-03 1,126 Joe Nieuwendyk
53%
St. Louis Blues 97-98 1,274 Al McInnis
52%
St. Louis Blues 87-88 1,130 Bernie Federko
52%
New York Rangers 91-92 1,335 Mike Gartner
50%
St. Louis Blues 99-00 1,327 Pierre Turgeon
49%
Toronto Maple Leafs 92-93 1,099 Glenn Anderson
47%
New York Rangers 76-77 1,021 Rod Gilbert
47%
New Jersey Devils 93-94 1,209 Bernie Nicholls
45%
Montreal Canadiens 72-73 1,103 Frank Mahovlich
45%
Toronto Maple Leafs 95-96 1,217 Larry Murphy
43%
Chicago Blackhawks 90-91 1,153 Michel Goulet
43%
Washington Capitals 97-98 1,232 Phil Housley
43%
Boston Bruins 76-77 1,267 Jean Ratelle
42%
Ottawa Senators 10-11 1,029 Alex Kovalev
41%
Los Angeles Kings 90-91 1,069 Dave Taylor
41%
Toronto Maple Leafs 71-72 1,229 Norm Ullman
40%
Detroit Red Wings 99-00 1,062 Pat Verbeek
39%
New York Rangers 01-02 1,088 Theo Fleury
39%
Washington Capitals 97-98 1,020 Dale Hunter
37%
San Jose Sharks 00-01 1,205 Vincent Damphousse
37%
Hartford Whalers 93-94 1,004 Brian Propp
35%
Arizona Coyotes 11-12 1,064 Ray Whitney
34%
New York Islanders 08-09 1,033 Doug Weight
33%
Pittsburgh Penguins 94-95 1,063 Joe Mullen
33%
Washington Capitals 98-99 1,022 Brian Bellows
29%
New York Rangers 94-95 1,012 Steve Larmer
29%
No matching quizzes found
Score Distribution
Percent of People with Each Score
Percentile by Number Answered
Your Score History
You have not taken this quiz